Statistics for Capital Cities Closest to an Unknown Capital City A-Z #4

Click here to take the quiz!

General Stats

  • This quiz has been taken 168 times
  • The average score is 15 of 25

Answer Stats

Capital City % Correct
IIslamabad
82%
UUlaanbaatar
81%
ZZagreb
79%
YYerevan
76%
NNew Delhi
75%
QQuito
75%
JJerusalem
70%
TTashkent
69%
BBishkek
67%
AAshgabat
66%
WWarsaw
65%
RRiyadh
63%
KKathmandu
63%
SECRETKabul
61%
OOslo
61%
DDushanbe
60%
VVientiane
58%
HHanoi
55%
MMuscat
54%
SSanaa
50%
FFreetown
47%
GGaborone
35%
CColombo
32%
PPristina
25%
LLjubljana
22%

Score Distribution

Percentile by Number Answered

Percent of People with Each Score

Your Score History

You have not taken this quiz